Регионална библиотека "Любен Каравелов" - Русе

България и Сирия в "Ерата Асад" (Запис номер 197807)

MARC детайли
000 -Лидер
Контролно поле с фиксирана дължина 01843nam a2200421 c 4500
003 - Код на организацията, давaща контролен номер
Контролно поле BLK
005 - Дата и час на последна редакция
Контролно поле 20250128005508.0
008 - Елементи от данни с фиксирана дължина
fixed length control field 180411b bul|||||r ||||||| ||bul||
010 ## - Наследен системен номер
LC control number KNG00207096000
020 ## - Международен стандартен номер на книга ISBN
Международен стандартен номер на книга ISBN 978-619-01-0035-5
-- издат.: Изток-Запад
040 ## - Източник на каталожния запис
Идентификатор на билиотеката - собственик на записа BLK
041 ## - Код за език
Код за езика на текст/звукозапис или на отделно заглавие Български
Код за езика КДБФ Български
072 #7 - Код за тематичната категория
Код организация bullib
Код за тематична категория Н32
Текст Политика Н
080 ## - УДК
Текстов определител УДК Международни политически отношения. Световна политика. Международна политика. Дипломация
УДК код - определител по УДК 327
УДК определител (497.2:569.1)
УДК - код + определител 327(497.2:569.1)
100 1# - Редна дума - Автор
Автор Филипова, Надя Димитрова
Авторска отговорност първи автор
R(LIN) 302718
139 ## - Редно поле
Редна дума Филипова, Надя Димитрова
Авторски знак Фили - Ф 50
245 10 - Сведения за заглавието
Заглавие България и Сирия в "Ерата Асад"
Подзаглавни данни Моногр.
Редно поле (дума) Надя Димитрова Филипова.
257 ## - Страна на издаване
Страна на създаване/издаване България
260 ## - Област на издателските данни
-- София
Име на издателя, разпространителя и проч. Изток-Запад
Година на издаване 2017
300 ## - Физическа характеристика
Страници 524 с.
Размери/Мащаб 24 см
380 ## - Жанр
Жанр Обществени науки
500 ## - Общи забележки
Забележка Съдържа и за авт. - Библиогр. с. 500-519.
650 #4 - Допълнително описание по предмет – тема
Основно описание – тема или топоним Външна политика - България
9 (RLIN) 245367
650 #4 - Допълнително описание по предмет – тема
Основно описание – тема или топоним България и Сирия
9 (RLIN) 348006
650 #4 - Допълнително описание по предмет – тема
Основно описание – тема или топоним Международни отношения - Близък Изток
9 (RLIN) 285446
650 #7 - Допълнително описание по предмет – тема
Основно описание – тема или топоним България - външна политика
Източник на редна или ключова дума
9 (RLIN) 149489
651 #4 - Допълнително описание по предмет - топоним
Географско понятие България
9 (RLIN) 241624
651 #4 - Допълнително описание по предмет - топоним
Географско понятие Сирия
9 (RLIN) 179545
653 ## - Ключова дума – ненормативна
Ключова дума външна политика
653 ## - Ключова дума – ненормативна
Ключова дума международни политически отношения
659 ## - Тематичен бюлетин
Тематичен бюлетин Н
852 ## - Местоположение
Форматна сигнатура Цб 285857
856 4# - Електронен адрес и достъп
Електронен формат pdf - файл
Път до файла /url/
856 4# - Електронен адрес и достъп
Електронен формат pdf - файл
Път до файла /url/
942 ## - АРТИКУЛИ
Вид на библиотечния материал Книги
Скрит в OPAC Не
Koha issues (borrowed), all copies 2
944 ## - СЪЗДАВАНЕ И РЕДАКЦИЯ на ЗАПИСА
Създаване/Редакция Създаване
Дата на регистрацията/редакция 27.05.2017
Статус, дата на статуса CRON CRON
Служител, извършил регистрацията/редакцията
944 ## - СЪЗДАВАНЕ И РЕДАКЦИЯ на ЗАПИСА
Създаване/Редакция Редакция
Дата на регистрацията/редакция 21.11.2017
Статус, дата на статуса ф /
Служител, извършил регистрацията/редакцията Пенка_Димитрова
999 ## - СИСТЕМНИ КОНТРОЛНИ НОМЕРА
Koha biblionumber 197807
Koha biblioitemnumber 197807
Наличности
Код за отписване Код за изгубен артикул Код за повреда Коз за рестрикции Код за отдаване Артикулен № Име на библиотеката - собственик Име на библиотеката, в която се намира в момента Статус (Текущо местоположение) Дата на вписване в системата Местоположение - отдел Цена в лева Инвентарен номер Систематично азбучна сигнатура Баркод Номер на екземпляра Цена в евро Служебна бележка Служебен тип на артикула
  Не е изгубен Не е повреден без рестрикции заемане за дома 344264 Регионална библиотека "Любен Каравелов" Русе Регионална библиотека "Любен Каравелов" Русе Заемна - подръчен фонд 2017-05-26 Заемна - подръчен фонд 19.00 120000811695 П 327(497.2)/Ф 50 120000811695 1 9.71 Дост: Pk Вид: Ф N: 490 Дата: 26.05.2017 Дата инв: 02.02.2018 Бележки инв: П2018 Книги
  Не е изгубен Не е повреден без рестрикции ползва се в читалня 344265 Регионална библиотека "Любен Каравелов" Русе Регионална библиотека "Любен Каравелов" Русе Хранилище 2017-11-21 Хранилище 29.00 120000817061 Цб 285857 120000817061 2 14.83 Дост: Dp Вид: Д N: 42 Дата: 20.09.2017 Книги
Vip Innovations Ltd, Rousse, Bulgaria 2025